برنامج تطوير الحرف اليدوية فى العالم الاسلامى شواهد وارقام / (Record no. 46500)
[ view plain ]
| 000 -الفاتح | |
|---|---|
| حقل البيانات ثابتة الطول | 00650nam a2200169Ia 4500 |
| 008 - عناصر البيانات ثابتة الطول - معلومات عامة | |
| حقل البيانات ثابتة الطول | 140319s9999 xx 000 0 ara d |
| 040 ## - مصدر الفهرسة | |
| وكالة الفهرسة الأصلية | GCL / |
| وكالة النسخ | GCL |
| 082 04 - رقم تصنيف ديوى العشرى | |
| رقم التصنيف | 745.5 |
| رقم المادة | م ب |
| 100 1# - المدخل الرئيسى - إسم شخصى | |
| الإسم الشخصى | مركز الابحاث للتاريخ والفنون و |
| 245 10 - بيان العنوان | |
| العنوان | برنامج تطوير الحرف اليدوية فى العالم الاسلامى شواهد وارقام / |
| بيان المسئوليه,etc | مركز الابحاث للتاريخ والفنون و |
| 300 ## - الوصف المادى | |
| التعداد | 60 \52 |
| 490 ## - بيان السلسلة | |
| عنوان السلسلة | منظمة المؤتمر الاسلامى |
| رقم المجلد/ التعيين التسلسلي | 0 |
| 650 04 - المدخل الاضافى بالموضوع-مصطلح موضوعى | |
| مصطلح موضوعي | الحرف اليدوية |
| 650 04 - المدخل الاضافى بالموضوع-مصطلح موضوعى | |
| مصطلح موضوعي | الحرف اليدوية الاسلامى |
| 942 ## - عناصر المدخل الإضافي( كوها) | |
| مصدر التصنيف او مخطط الترفيف | Dewey Decimal Classification |
| Koha [default] item type | كتاب |
| حالة التراجع | حالة الفقد | حالة تلف | ليس للاعارة | المكان المؤقت | الموقع الحالى | تاريخ الاكتساب | اجمالي اﻻعارات | رقم الطلب | الباركود | تاريخ اخر مشاهدة | تاريخ تفعيل السعر | نوع وعاء كوها |
|---|---|---|---|---|---|---|---|---|---|---|---|---|
| مكتبة القاهرة الكبرى | مكتبة القاهرة الكبرى | 03/26/2014 | 745.5\م ب | 113258 | 03/26/2014 | 03/26/2014 | كتاب | |||||
| مكتبة القاهرة الكبرى | مكتبة القاهرة الكبرى | 03/26/2014 | 745.5\م ب | 113259 | 03/26/2014 | 03/26/2014 | كتاب |

